00703 2200253 4500001002100000005001700021008004100038020001700079035002400096082001000120090001700130100002000147245009600167260002800263300002800291500003100319650002200350850001500372980001300387985000600400986001300406999001500419999001500434YOGYA-0209000001681520090227022705.0 ind  a979-428-1670 0010-020900000016815 a581.5 a581.5bIsk E aISKANDAR, Johan aEkologi perladangan di Indonesiacstudi kasus dari daerah Baduy, Banten Selatan, Jawa Barat aJakartabJambatanc1992 ax, 145 hlmbilusc21 cm aBibliografi : hlm. 136-139 aEkologi pertanian aYOPDYOG(B) a02-12-05 a2 afwhRTREV a95P0056022 a93P0041111